A handbook of commercial correspondence
| Main Author: | |
|---|---|
| Format: | Book |
| Published: |
Oxford
Oxford University Press
1992
|
| Edition: | New ed |
| Subjects: |
MARC
| LEADER | 00000cam a2200000 7i4500 | ||
|---|---|---|---|
| 001 | 0000002477 | ||
| 008 | 021118s1992 | ||
| 020 | |a 0194572064 | ||
| 050 | 0 | 0 | |a HF5726 |b .A8 1992 |
| 090 | 0 | 0 | |a HF5726 |b .A8 1992 |
| 100 | 0 | |a Ashley, A. |e author | |
| 245 | 1 | 2 | |a A handbook of commercial correspondence |c A. Ashley |
| 246 | 1 | 0 | |a Commercial correspondence |
| 250 | |a New ed | ||
| 260 | 2 | |a Oxford |b Oxford University Press |c 1992 | |
| 300 | |a 279 p. |c 20 cm | ||
| 650 | 0 | |a Commercial correspondence | |
| 999 | |a 1000013624 |b Book |c OPEN SHELF (30 DAYS) |e Gong Badak Campus | ||